Kartkówka- ważni ludzie ze świata na WOS - Statystyki

Ogólne statystyki
  • Ten quiz został rozwiązany 247 razy
  • Średni wynik to 10 z 30
Statystyki odpowiedzi
Postać Imię i nazwisko % Poprawnych
Prezydent USA Donald Trump
48%
Minister spraw zagranicznych Rosji Siergiej Ławrow
48%
Prezydent Białorusi Aleksander Łukaszenka
43%
Królowa W. Brytanii Elżbieta II
41%
Prezydent Ukrainy Wołodymyr Zełenski
41%
Kanclerz Niemiec Angela Merkel
40%
Prezydent Rosji Władimir Putin
39%
Prezydent Francji Emmanuel Macron
38%
Prezydent Turcji Recep Tayyip Erdogan
38%
Przywódca Chin Xi Jinping
38%
Premier Węgier Viktor Orban
36%
Przywódca Korei płn Kim Dzong Un
34%
Wiceprezydent USA Mike Pence
34%
Sekretarz generalny NATO Jens Stoltenberg
33%
Prezydent Syrii Baszszar al- Asad
32%
Premier Rosji Dmitrij Miedwiediew
32%
Prezydent Wenezueli Nicolas Maduro
32%
Premier W. Brytanii Boris Johnson
30%
Premier Izraela Binjamin Netanjahu
29%
Król Hiszpani Filip VI Burbon
29%
Sekretarz stanu USA Mike Pompeo
29%
Sekretarz generalny ONZ Antonio Guterres
28%
Sekretarz obrony USA Mark Esper
28%
Król Arabii Saudyjskiej Salman ibn Abd al-Aziz Al Su'ud
28%
Przywódca Kuby Miguel Diaz- Canel
27%
Prezydent Niemiec Frank-Walter Steinmeier
26%
Obalony przywódca Libii (2011) Mu'ammar al- Kaddafi
26%
Premier Hiszpani Pedro Sanchez
26%
Prezydent Afganistanu Aszraf Ghani
25%
Prezydent Iranu Hasan Rouhani
25%
Nie znaleziono quizów pasujących do podanych kryteriów
Rozkład punktacji
Procent ludzi z każdym wynikiem
Percentyl według liczby udzielonych odpowiedzi
Twoja historia wyników
Nie rozwiązałeś tego quizu